Вкусът на мечтите (Запис номер 84968)
[ съкратено ]
| 000 -Лидер | |
|---|---|
| Контролно поле с фиксирана дължина | 01236nam a2200337 c 4500 |
| 003 - Код на организацията, давaща контролен номер | |
| Контролно поле | BLK |
| 005 - Дата и час на последна редакция | |
| Контролно поле | 20250801084725.0 |
| 008 - Елементи от данни с фиксирана дължина | |
| fixed length control field | 180408b bul|||||r ||||||| ||bul|| |
| 010 ## - Наследен системен номер | |
| LC control number | KNG00089563000 |
| 020 ## - Международен стандартен номер на книга ISBN | |
| Международен стандартен номер на книга ISBN | 978-954-389-047-7 |
| 040 ## - Източник на каталожния запис | |
| Идентификатор на билиотеката - собственик на записа | BLK |
| 041 ## - Код за език | |
| Код за езика на текст/звукозапис или на отделно заглавие | Български |
| Код за езика КДБФ | Български |
| 080 ## - УДК | |
| Текстов определител УДК | Американска литература (на САЩ) |
| УДК код - определител по УДК | 821.111(73) |
| УДК определител | -31 |
| УДК - код + определител | 821.111(73)-31 |
| 100 1# - Редна дума - Автор | |
| Автор | Алън, Сара Адисън |
| Авторска отговорност | първи автор |
| R(LIN) | 281347 |
| 139 ## - Редно поле | |
| Редна дума | Алън, Сара Адисън |
| Авторски знак | Алш - А 59 |
| 245 10 - Сведения за заглавието | |
| Заглавие | Вкусът на мечтите |
| Подзаглавни данни | Роман |
| Редно поле (дума) | Сара Адисън Алън; прев. Весела Прошкова. |
| 257 ## - Страна на издаване | |
| Страна на създаване/издаване | Съединени американски щати |
| 260 ## - Област на издателските данни | |
| Място на издаване, разпространение и проч. | София |
| Име на издателя, разпространителя и проч. | Ера |
| Година на издаване | 2009 |
| 300 ## - Физическа характеристика | |
| Страници | 303 с. |
| Размери/Мащаб | 20 см |
| 380 ## - Жанр | |
| Жанр | Худож. лит. |
| 500 ## - Общи забележки | |
| Забележка | Ориг. загл. The Sugar Queen / Sarah Addison Allen. - Офс. изд. |
| 653 ## - Ключова дума – ненормативна | |
| Ключова дума | романи |
| 700 ## - Други автори (авторска отговорност) | |
| Лично име | Прошкова, Весела Богомилова |
| Дати, свързани с автора | 1950- |
| Автороска отговорност (Описва отношението между автора и произведението) | прев. |
| 9 (RLIN) | 365223 |
| 852 ## - Местоположение | |
| Форматна сигнатура | Цб 244051 |
| 856 4# - Електронен адрес и достъп | |
| Електронен формат | pdf - файл |
| 856 4# - Електронен адрес и достъп | |
| Електронен формат | pdf - файл |
| 999 ## - СИСТЕМНИ КОНТРОЛНИ НОМЕРА | |
| Koha biblionumber | 84968 |
| Koha biblioitemnumber | 84968 |
| 942 ## - АРТИКУЛИ | |
| Вид на библиотечния материал | Книги |
| Скрит в OPAC | Не |
| Koha issues (borrowed), all copies | 30 |
| Периодичен библиозапис | Да |
| 944 ## - СЪЗДАВАНЕ И РЕДАКЦИЯ на ЗАПИСА | |
| Създаване/Редакция | Създаване |
| Дата на регистрацията/редакция | 19.05.2009 |
| Статус, дата на статуса | Нора Радева |
| Служител, извършил регистрацията/редакцията | 30545 |
| 944 ## - СЪЗДАВАНЕ И РЕДАКЦИЯ на ЗАПИСА | |
| Създаване/Редакция | Редакция |
| Дата на регистрацията/редакция | 15.11.2017 |
| Статус, дата на статуса | ф / |
| Служител, извършил регистрацията/редакцията | Виолета_Тройчева |
| 999 ## - СИСТЕМНИ КОНТРОЛНИ НОМЕРА | |
| Koha biblioitemnumber | 84968 |
| Код за отписване | Код за изгубен артикул | Източник на класификационната схема | Код за повреда | Коз за рестрикции | Код за отдаване | Артикулен № | Име на библиотеката - собственик | Име на библиотеката, в която се намира в момента | Статус (Текущо местоположение) | Дата на вписване в системата | Местоположение - отдел | Цена в лева | Инвентарен номер | Систематично азбучна сигнатура | Баркод | Номер на екземпляра | Цена в евро | Служебна бележка | Служебен тип на артикула |
|---|---|---|---|---|---|---|---|---|---|---|---|---|---|---|---|---|---|---|---|
| Не е изгубен | Universal Decimal Classification | Не е повреден | без рестрикции | заемане за дома | 137837 | Регионална библиотека "Любен Каравелов" Русе | Регионална библиотека "Любен Каравелов" Русе | Заемна - подръчен фонд | 2009-05-19 | Заемна - подръчен фонд | 10.90 | 120000735711 | П 821-31/А 59 | 120000735711 | 1 | 5.57 | Дост: Pk Вид: Ф N: 40 Дата: 19.05.2009 Дата инв: 16.02.2018 Бележки инв: П2018 | Книги | |
| Изтеглен | Не е изгубен | Не е повреден | без рестрикции | заемане за дома | 137838 | Регионална библиотека "Любен Каравелов" Русе | Регионална библиотека "Любен Каравелов" Русе | Заемна - подръчен фонд | 2009-05-19 | Заемна - подръчен фонд | 10.90 | 120000735712 | П 820(73)-31/А 59 | 120000735712 | 2 | 5.57 | Дост: Pk Вид: Ф N: 40 Дата: 19.05.2009 Дата инв: 15.02.2018 Бележки инв: П2018 | Книги | |
| Изтеглен | Не е изгубен | Universal Decimal Classification | Не е повреден | без рестрикции | заемане за дома | 137839 | Регионална библиотека "Любен Каравелов" Русе | Регионална библиотека "Любен Каравелов" Русе | Заемна - подръчен фонд | 2009-05-19 | Заемна - подръчен фонд | 10.90 | 120000735713 | П 820(73)-31/А 59 | 120000735713 | 3 | 5.57 | Дост: Pk Вид: Ф N: 40 Дата: 19.05.2009 Дата инв: 15.02.2018 Бележки инв: П2018 | Книги |
| Не е изгубен | Universal Decimal Classification | Не е повреден | само за читалня | ползва се в читалня | 859029 | Регионална библиотека "Любен Каравелов" Русе | Регионална библиотека "Любен Каравелов" Русе | Хранилище | 2021-10-28 | Основен фонд - ползва се само за читалня | 10.90 | Цб 309760 | 120000861414 | 5.57 | Книги |